| 000 | 00569cab a2200217 4500 | ||
|---|---|---|---|
| 001 | X1391 | ||
| 008 | 090401t1994 xxu||||| |||| 00| 0 eng d | ||
| 035 | _a(Sirsi) u16754 | ||
| 041 | _aeng | ||
| 100 | _aCox, M. | ||
| 245 | _aUK coastal management review | ||
| 260 | _c1994 | ||
| 350 | _a0 | ||
| 490 |
_aCSM (Chartered Surveyor Monthly) _v3(7) April 1994, 34-35(2) |
||
| 520 | _aReviews recent publications on coastal management. | ||
| 650 | _aCOASTAL MANAGEMENT | ||
| 690 | _aMARINE RESOURCES | ||
| 700 | _aGilbert, P. | ||
| 942 | _n0 | ||
| 948 | _c04/03/1997 | ||
| 999 |
_c11076 _d11076 |
||